000 00405 a2200169 4500
001 54486
020 _a
040 _cAnchieta - Pituba
100 _aMonique Meirelles/ Josie Azevedo
240 1 0 _a2ª Redação, III unidade
_lpor
245 1 0 _a2ª Redação, III unidade
300 _a4
362 0 _a2016
440 1 _aColégio Anchieta
650 4 _aLínguas espanhola e portuguesa
942 _cBK
999 _c54486
_d54486